1755 1947 1528 1197 1977 1987 1260 1012 1591 1729 1490 1381 1673 1281 1162 1564 1303 1748 1131 1087 1521 1304 1307 1796 1526 1077 1329 1821 1305 1031 1576 1385 1106 1711 1078 1346 1873 1380 1967 1077 1701 1507 1613 1031 1428 1386 1659 1884 1905 1002 1392 1581 1998 1445 1136 1456 1677 1867 1289 1209 1962 1723 1366 1385 1200 1252 1736 1859 1794 1698 1825 1768 1115 1793 1534 1123 1597 1115 1452 1233 1888 1245 1319 1358 1406 1043 1209 1734 1446 1730 1529 1475 1699 1088 1090 1803 1808 1602 1150 BCNSPRNW ULIB Ver.6.0+V

เปลี่ยนเป็นภาษาไทย

Change to English
 แสดงรายละเอียดบรรณานุกรม
  กลับหน้าหลัก

Brief Record : Get Marc (ISO 2709) : E-mail record : QR code < ปิดหน้าต่าง
LEADER : 00000nam 2200000uu 4500
001    13399122627
003     ULIB
008    020711s2012 th a 000 0 eng d
020    9781604069525
060  4 QS4^bA614A
100    Anne M. Gilroy
245    Atlas of Anatomy./^cAnne M. Gilroy, Brian R. MacPherson, Lawrence M. Ross
250    2nd ed
260    New York :^bThieme,,^c2012
300    694 pages
650    Anatomie; Atlas
700    Brian R. MacPherson
700    Lawrence M. Ross
945    ^p0^l0^i20074
999    ^aทศพร เกษรทอง
รายการนี้ยังไม่มีแท็ก
คุณยังไม่ได้ล็อกอิน คุณสามารถมีกิจกรรมร่วมกับเว็บไซต์ได้ แต่ต้องล็อกอินก่อน ::
  ล็อกอิน

รายการสื่อสารสนเทศ

ลำดับที่ ประเภท เลขเรียก/บาร์โค้ด สถานที่ สถานะ
1. วิทยาศาสตร์การแพทย์ และสุขภาพ
วิทยาศาสตร์การแพทย์ และสุขภาพ
QS4 A614A C.1 
  Barcode: 20074
ห้องสมุดวิทยาเขตสวรรค์ประชารักษ์
►หนังสือทั่วไป
บนชั้น

BibComment


ยังไม่เคยถูกคอมเมนท์

คอมเมนท์ทรัพยากรรายการนี้
  คอมเมนท์: Atlas of Anatomy ..


 Copyright 2026. Bcnsprnw @Library